000 00590nmm a2200193Ia 4500
008 251105s9999||||xx |||||||||||||||||und||
020 _a9788418538193
041 _aspa
100 _aMoya Valle, Antonio Prometeo
245 0 _aEl secreto de Pandora
264 _a[Madrid, España] :
_bDuomo ediciones,
_c[Fecha de publicación no identificada]
300 _a0 páginas
490 _aLos Imperdibles
650 _aLiterature
700 _aMoya Valle, Antonio Prometeo
700 1 _a Stokes-Chapman, Susan
856 _uhttps://public.digitaliapublishing.com/a/161143
942 _cCF
999 _c69129
_d69129